Arados hellénistique : étude historique et monétaire /

محفوظ في:

المؤلف الرئيسي: Duyrat, Frédérique (مؤلف)

التنسيق: كتاب

اللغة: French
Arabic

منشور في: Beyrouth : Institut français du Proche-Orient, 2005.

سلاسل: Bibliotheque archeologique et historique, 173.
BAH ; 173.

الموضوعات:

الوسوم: إضافة وسم

لا توجد وسوم, كن أول من يضع وسما على هذه التسجيلة!

رقم الطلب: DS93 .F8 v.173

LEADER 01406namaa2200361 4500
001 22621
003 OSt
005 20211129123436.0
008 130303s2005 le ab g b 001 0 fre d
952 |0 0  |1 0  |2 lcc  |3 V.173  |4 0  |6 DS0093 F8 V.00173  |7 1  |9 23579  |a ARCE  |b ARCE  |d 2021-11-29  |l 0  |o DS93 .F8 v.173  |p 1018178  |r 2021-11-29 00:00:00  |w 2021-11-29  |y BK 
999 |c 28697  |d 28697 
020 |a 9782912738332  
020 |a 2912738334 
040 |c ARCE Library 
041 0 |a fre  |a ara 
043 |a a-sy---  
050 4 |a DS93 .F8 v.173 
100 1 |a Duyrat, Frédérique,  |e author  |9 29355 
245 1 0 |a Arados hellénistique :  |b étude historique et monétaire /  |c Frédérique Duyrat. 
246 1 5 |a Arūād al-Hilīnīyah :   |b dirāsah tārīkhīyah wa-nuqūdīyah. 
264 1 |a Beyrouth :   |b Institut français du Proche-Orient,   |c 2005. 
300 |a xii, 433 pages :   |b illustrations, maps ;   |c 28 cm. 
490 1 |a Bibliotheque archeologique et historique,   |x 0768-2506 ;   |v 173. 
490 1 |a BAH ;   |v 173. 
504 |a Includes bibliographical references (pages [323]-331) and indexes. 
546 |a Text in French with introd. in Arabic. 
650 0 |a Numismatics, Greek  |z Syria  |z Arwād. 
651 0 |a Arwād (Syria)  |x Antiquities. 
651 0 |a Arwād (Syria)  |x History. 
830 0 |a Bibliotheque archeologique et historique,   |x 0768-2506 ;   |v 173. 
830 0 |a BAH ;   |v 173. 
901 |a reviewed 
942 |c BK  |2 lcc